Central Library OPAC University of Rajshahi

International social work : (Record no. 12975)

MARC details
000 -LEADER
fixed length control field 01469cam a22003734a 4500
001 - CONTROL NUMBER
control field 12975
003 - CONTROL NUMBER IDENTIFIER
rucl marc code BD-RjUL
005 - DATE AND TIME OF LATEST TRANSACTION
control field 20211208235402.0
008 - FIXED-LENGTH DATA ELEMENTS--GENERAL INFORMATION
fixed length control field 140130s2006 cau b 001 0 eng
020 ## - INTERNATIONAL STANDARD BOOK NUMBER
International Standard Book Number 1412914078 (cloth)
International Standard Book Number 1412914086 (pbk.)
035 ## - SYSTEM CONTROL NUMBER
System control number (BD-RjUL)13025
040 ## - CATALOGING SOURCE
Original cataloging agency DLC
Transcribing agency DLC
Modifying agency DLC
-- BD-RjUL
Language of cataloging eng
041 ## - LANGUAGE CODE
Language code of text/sound track or separate title eng
082 00 - DEWEY DECIMAL CLASSIFICATION NUMBER
Classification number 361
Edition number 22
Author mark and year COI 2006
100 1# - MAIN ENTRY--PERSONAL NAME
Personal name Cox, David R.
Fuller form of name (David Ray)
9 (RLIN) 40440
245 10 - TITLE STATEMENT
Title International social work :
Remainder of title issues, strategies, and programs /
Statement of responsibility, etc. David Cox, Manohar Pawar.
260 ## - PUBLICATION, DISTRIBUTION, ETC. (IMPRINT)
Place of publication, distribution, etc. Thousand Oaks, Calif. :
Name of publisher, distributor, etc. SAGE Publications,
Date of publication, distribution, etc. c2006.
300 ## - PHYSICAL DESCRIPTION
Pagination xiii, 415 p. ;
Size 26 cm.
504 ## - BIBLIOGRAPHY, ETC. NOTE
Bibliography, etc Includes bibliographical references p. (383-399) and index.
650 #0 - SUBJECT ADDED ENTRY--TOPICAL TERM
Topical term or geographic name as entry element Social service
General subdivision Cross-cultural studies.
9 (RLIN) 40441
Topical term or geographic name as entry element Social problems
General subdivision Cross-cultural studies.
9 (RLIN) 40442
Topical term or geographic name as entry element Human services
General subdivision Cross-cultural studies.
9 (RLIN) 40443
Topical term or geographic name as entry element Globalization.
9 (RLIN) 40444
Topical term or geographic name as entry element Social change.
9 (RLIN) 40445
Topical term or geographic name as entry element Social work education.
9 (RLIN) 17875
700 1# - ADDED ENTRY--PERSONAL NAME
Personal name Pawar, Manohar S.
856 41 - ELECTRONIC LOCATION AND ACCESS
Materials specified Table of contents only
Uniform Resource Identifier <a href="http://www.loc.gov/catdir/toc/ecip0512/2005012706.html">http://www.loc.gov/catdir/toc/ecip0512/2005012706.html</a>
Materials specified Publisher description
Uniform Resource Identifier <a href="http://www.loc.gov/catdir/enhancements/fy0658/2005012706-d.html">http://www.loc.gov/catdir/enhancements/fy0658/2005012706-d.html</a>
Materials specified Contributor biographical information
Uniform Resource Identifier <a href="http://www.loc.gov/catdir/enhancements/fy0734/2005012706-b.html">http://www.loc.gov/catdir/enhancements/fy0734/2005012706-b.html</a>
942 ## - ADDED ENTRY ELEMENTS (KOHA)
Source of classification or shelving scheme Dewey Decimal Classification
Koha item type Books
Holdings
Lost status Source of classification or shelving scheme Damaged status Not for loan Collection code Permanent Location Current Location Shelving location Date acquired Source of acquisition Cost, normal purchase price Total Checkouts Full call number Date last seen Date checked out Copy number Koha item type
  Dewey Decimal Classification     Non-fiction Central Library, University of Rajshahi Central Library, University of Rajshahi   30/06/2013 Dhaka, Space Marketing Communication. 6860.00 13 361 COI 2006 13/03/2025 02/03/2025 C-2 Books
  Dewey Decimal Classification   Not For Loan Non-fiction Central Library, University of Rajshahi Central Library, University of Rajshahi Reading Room 21/02/2011 Dhaka, Space Marketing Communication. 595.00   361 COI 2006 22/12/2016   C-1 Books